Advanced antenna theory / (Record no. 68264)
[ view plain ]
| 000 -LEADER | |
|---|---|
| fixed length control field | 00751nam a2200241 a 4500 |
| 001 - CONTROL NUMBER | |
| control field | 68264 |
| 003 - CONTROL NUMBER IDENTIFIER | |
| rucl marc code | BD-RjUL |
| 005 - DATE AND TIME OF LATEST TRANSACTION | |
| control field | 20211209081740.0 |
| 008 - FIXED-LENGTH DATA ELEMENTS--GENERAL INFORMATION | |
| fixed length control field | 170401s1952 nyua 001 0 eng d |
| 035 ## - SYSTEM CONTROL NUMBER | |
| System control number | (BD-RjUL)68474 |
| 040 ## - CATALOGING SOURCE | |
| Original cataloging agency | DLC |
| Transcribing agency | NhD |
| Modifying agency | OCoLC |
| -- | Uk |
| -- | DLC |
| -- | (BD-RjUL) |
| Language of cataloging | eng |
| 041 ## - LANGUAGE CODE | |
| Language code of text/sound track or separate title | eng |
| 082 ## - DEWEY DECIMAL CLASSIFICATION NUMBER | |
| Edition number | 23 |
| Classification number | 621.384135 |
| Author mark and year | SCA 1952 |
| 100 1# - MAIN ENTRY--PERSONAL NAME | |
| Personal name | Schelkunoff, Sergei A. |
| Fuller form of name | (Sergei Alexander), |
| 9 (RLIN) | 202375 |
| 245 10 - TITLE STATEMENT | |
| Title | Advanced antenna theory / |
| Statement of responsibility, etc. | Sergei A. Schelkunoff |
| 260 ## - PUBLICATION, DISTRIBUTION, ETC. (IMPRINT) | |
| Place of publication, distribution, etc. | New York : |
| Name of publisher, distributor, etc. | John Wiley & Sons, |
| Date of publication, distribution, etc. | 1952. |
| 300 ## - PHYSICAL DESCRIPTION | |
| Pagination | xii, 216p. : |
| Illustrations | ill. ; |
| Size | 24cm. |
| 490 0# - SERIES STATEMENT | |
| Series statement | Applied mathematics series |
| 500 ## - GENERAL NOTE | |
| General note | Includes index |
| 650 #0 - SUBJECT ADDED ENTRY--TOPICAL TERM | |
| Topical term or geographic name as entry element | Antennas (Electronics) |
| 9 (RLIN) | 117478 |
| 830 ## - SERIES ADDED ENTRY--UNIFORM TITLE | |
| Uniform title | Applied mathematics series |
| 942 ## - ADDED ENTRY ELEMENTS (KOHA) | |
| Source of classification or shelving scheme | Dewey Decimal Classification |
| Koha item type | Books |
| Lost status | Source of classification or shelving scheme | Damaged status | Not for loan | Collection code | Permanent Location | Current Location | Shelving location | Date acquired | Source of acquisition | Cost, normal purchase price | Total Checkouts | Full call number | Date last seen | Copy number | Koha item type |
|---|---|---|---|---|---|---|---|---|---|---|---|---|---|---|---|
| Dewey Decimal Classification | Not For Loan | Non-fiction | Central Library, University of Rajshahi | Central Library, University of Rajshahi | Reading Room | 09/12/2021 | John Willey & Sons | 14.85 | 621.384135 SCA 1952 | 01/04/2017 | C-1 | Books | |||
| Dewey Decimal Classification | Non-fiction | Central Library, University of Rajshahi | Central Library, University of Rajshahi | 08/08/2017 | 621.384135 SCA 1952 | 08/08/2017 | C-2 | Books | |||||||
| Dewey Decimal Classification | Non-fiction | Central Library, University of Rajshahi | Central Library, University of Rajshahi | 22/09/1958 | John wiley and sons | 14.85 | 621.384135 SCA 1952 | 20/08/2017 | C-3 | Books |